Statistics for Most Common First Names in the United States - R

Click here to take the quiz!

General Stats

  • This quiz has been taken 376 times
  • The average score is 10 of 20

Answer Stats

Hint Answer % Correct
7Richard
90%
3Robert
86%
79Rachel
81%
21Ronald
74%
65Rose
66%
34Rebecca
64%
36Raymond
59%
49Ryan
58%
78Randy
55%
112Rosa
49%
19Ruth
47%
50Roger
42%
104Rita
41%
62Ralph
38%
168Regina
37%
65Roy
33%
90Ruby
33%
137Rhonda
32%
100Robin
31%
82Russell
18%

Score Distribution

Percentile by Number Answered

Percent of People with Each Score

Your Score History

You have not taken this quiz